Наран доорхи нандин хайр (Бичлэгийн дугаар. 1145191)

MARC дэлгэрэнгүй
000 -Удирдлага
Ном зүйн бүртгэл тоо буюу кодлох утгыг агуулсан 00797nam a22002057a 4500
003 - ХЯНАЛТЫН ТОО ТОДОРХОЙЛОГЧ
Код MN-UlNLM
005 - ХАМГИЙН СҮҮЛИЙН ҮЕИЙН ХЭЛЦЛИЙН ОГНОО БА ЦАГ
Тухайн бичилтийг бичсэн засварласан сүүлийн огноо. 20241015105957.0
008 - ЕРӨНХИЙ МЭДЭЭЛЭЛ-ЭЛЕМЕНТҮҮДИЙН ӨГӨГДЛИЙН УРТ
fixed length control field 240920s2020 mp ||||| |||| 00| 0 mon d
020 ## - ОЛОН УЛСЫН СТАНДАРТ НОМЫН ДУГААР-ISBN
Олон Улсын Стандарт Номын Дугаар 9789919235055
040 ## - ЭХ СУРВАЛЖИЙГ ТОДОРХОЙЛОН БИЧИХ
Каталогийн хэл Монгол
084 ## - БУСАД АНГИЛЛЫН ДУГААР
Ангиллын нэр Номын сан номзүйн ангилал
Анги 84(545)-44
Зохиогчийн 3-н тэмдэгт М 235
Шинжлэх ухааны мэдлэгийн салбар Уран зохиол - 84
100 1# - ЗОХИОГЧИЙН ХЭСЭГ
Зохиогчийн нэр Манханхүү С.
245 1# - ҮНДСЭН ГАРЧИГ
Гарчиг Наран доорхи нандин хайр
Гарчигт хамааралтай мэдээ Найруулал, тэмдэглэл, нийтлэл, дурсамж
Оролцогчдын тухай мэдээ Хөрв. Х.Зандраабаадий
-- Хян. Ч.Пүрэвдорж
260 1# - ГАРАЛТЫН ТУХАЙ МЭДЭЭ
Хэвлэгдсэн газар УБ
Хэвлэлийн газар Жиком пресс
Хэвлэгдсэн он 2020
300 ## - ТООНЫ МЭДЭЭ
Хуудасны тоо 164х
505 ## - FORMATTED CONTENTS NOTE
Title Хайрлаж явахад амь амьдрал сайхан --
-- Халуун элгэн газар нутгийн айзам --
546 ## - ХЭЛНИЙ ТУХАЙ МЭДЭЭ
Хэл mon
650 ## - Сэдэв
Сэдэв Уран зохиол
942 ## - ЭЛЕМЕНТИЙН ТӨРӨЛ
Төрөл Ном
Захиалгууд
Буцаан татагдсан төлөв Хасагдсан шалтгаан Гэмтсэн төлөв Данс заагч Захиалах боломжгүй Үндсэн номын сан Одоогийн байршил Салбар танхим Салбар танхим Бүртгэсэн огноо Бүрдүүлэлтийн эх үүсвэр Тавиурын заалт Баркод Үнэ Хамгийн сүүлд байсан огноо Нийт уншлаганд гарсан тоо Дансны дугаар Ангиллын нэр Фактур мөрийн дугаар Төрөл
          МУҮНомын сан салбар МУҮНомын сан салбар МУҮНС салбар | Язгуур танхим 8 давхар МУҮНС салбар | Язгуур танхим 8 давхар 2024-11-04 Худалдан авсан 84(545)-44 М 235 006000098861 10000.00 2024-11-04   98861     Ном
          МУҮНомын сан салбар МУҮНомын сан салбар МУҮНС салбар | Язгуур танхим 8 давхар МУҮНС салбар | Язгуур танхим 8 давхар 2024-11-04 Худалдан авсан 84(545)-44 М 235 006000098862 10000.00 2024-11-04   98862     Ном
          МУҮНомын сан салбар МУҮНомын сан салбар МУҮНС салбар | Язгуур танхим 8 давхар МУҮНС салбар | Язгуур танхим 8 давхар 2024-11-04 Худалдан авсан 84(545)-44 М 235 006000098863 10000.00 2024-11-04   98863     Ном
          МУҮндэсний Номын сан МУҮндэсний Номын сан МУҮНС төв | Ойр фонд МУҮНС төв | Ойр фонд 2024-09-20 Худалдан авсан 84(545)-44 М 235 003110043632 10000.00 2024-09-20   43632 Номын сан номзүйн ангилал 240525.00 Ном
          МУҮндэсний Номын сан МУҮндэсний Номын сан МУҮНС төв | Ойр фонд МУҮНС төв | Ойр фонд 2024-11-04 Худалдан авсан 84(545)-44 М 235 006000098860 10000.00 2024-11-04   98860     Ном